Responses for show #6039 - Thursday, December 9, 2010

Contestants

Steve Meer, an environmental engineer from Milwaukee, Wisconsin

Liz Maziarz, an English professor and mom from Seattle, Washington

Adam Bibler, an economist originally from Lancaster, Ohio (whose 1-day cash winnings total $12,000)

Jeopardy! Round responses

CREATURES OF THE NIGHT
TAKE A "COMP" DAY
IN THE DOGHOUSE
PRE-1929 U.S. PAPER CURRENCY
THERE'S A SEXY CATEGORY!
I KNOW A LITTLE...
    $200 5
a rabbit

Adam
    $200 1
(Liz: What is a glove compartment?)

a compartment

Liz
    $200 11
igloos

Adam
    $200 9
(Liz: Who is Dolley Madison?)

Martha Washington

AdamLiz
    $200 2
Beyoncé

Liz
    $200 4
a young girl

Triple Stumper
    $400 21
squirrel

Adam
    $400 6
a compound

Steve
    $400 12
webcams

Adam
    $400 10
Columbus

Adam
    $400 3
Modern Family

Triple Stumper
    $400 17
2

Adam
    $600 22
frog

Adam
    $600 7
a companion

Adam
    $600 13
Richie Rich

Adam
    $600 25
Fulton

Adam
    $600 16
(Liz: What is Duke?)

Bach

Liz
Triple Stumper
    $600 18
epsilon

Adam
    $800 23
a sloth

Adam
    $800 8
compunction

Triple Stumper
    $800 14
a kennel

Triple Stumper
    $800 26
Cleveland

Adam
    $800 28
The Strokes

Liz
    $800 19
December

Liz
    $1000 24
(Liz: What are bats?)
(Steve: What are nighthawks?)

owls

LizSteve
Triple Stumper
    $1000 15
compassion

Liz
    $1000 30
Tokyo

Liz
    $1,000 27
Henry Clay

Adam
    $1000 29
Johnny Depp

Liz
    $1000 20
war

Adam

Scores at the first commercial break (after clue 14):

Adam Liz Steve
$2,600 $200 $400

Scores at the end of the Jeopardy! Round:

Adam Liz Steve
$8,800 $3,200 -$600

Double Jeopardy! Round responses

OPRAH'S FAVORITE BOOKS
THE GOLDEN BOOT AWARDS
MIDDLE NAMES
CASUAL & SPORTY FASHION
VIOLINISTS
2 Es, THEN ONE E
    $400 1
East of Eden

Liz
    $400 8
Gene Autry

Triple Stumper
    $400 3
(Steve: Who is Scalia?)

(Sonia) Sotomayor

LizSteve
    $400 10
Columbia

Liz
    $400 24
The Amadeus Quartet

Adam
    $400 18
cheese

Adam
    $800 2
To Kill a Mockingbird

Adam
    $800 15
Ronald Reagan

Liz
    $800 4
(Margaret) Thatcher

Adam
    $800 11
L.L. Bean

Liz
    $800 25
pizzicato

Adam
    $800 19
fleece

Steve
    $1200 9
Ken Follett

Liz
    $1200 16
Clayton Moore

Triple Stumper
    $1200 5
(Oliver Hazard) Perry

Adam
    $1200 12
The North Face

Steve
    $1200 26
Antonio Vivaldi

Triple Stumper
    $1200 21
feeble

Liz
    $1,000 17
(Liz: What is Beloved?)

The Bluest Eye

Liz
    $1600 27
Audie Murphy

Triple Stumper
    $2,400 6
(Adam: Who is Buchanan?)

Rutherford B. Hayes

Adam
    $1600 13
Patagonia

Steve
    $1600 28
[The end-of-round signal sounds.]

Paganini

Triple Stumper
    $1600 22
eerie

Steve
    $2000 20
Edgar Sawtelle

Triple Stumper
    $2000 7
(Adam: Who is Marshall?)
(Steve: Who is Colin Powell?)

Alexander Haig

AdamSteve
Triple Stumper
    $2000 14
(Steve: What is the Good Life?)

Life is Good

LizSteve
    $2000 23
a deerstalker

Triple Stumper

Scores at the end of the Double Jeopardy! Round:

Adam Liz Steve
$8,800 $9,400 $200

[wagering suggestions for these scores]

Final Jeopardy! Round responses

STATE CAPITALS
SteveWhat is Juneau?
$199
AdamWhat is Olympia?
$8,300
LizWhat is Jeauniu?
$9,000
Juneau

Final scores:

Adam Liz Steve
$500 $18,400 $399
2nd place: $2,000 New champion: $18,400 3rd place: $1,000

Game dynamics:

Coryat scores:

Adam Liz Steve
$11,200 $10,400 $200
22 R
(including 1 DD),
2 W
(including 1 DD)
15 R,
4 W
(including 1 DD)
5 R,
4 W

Combined Coryat: $21,800

The J! Archive is created by fans, for fans. The Jeopardy! game show and all elements thereof, including but not limited to copyright and trademark thereto, are the property of Jeopardy Productions, Inc. and are protected under law. This website is not affiliated with, sponsored by, or operated by Jeopardy Productions, Inc. Join the discussion at JBoard.tv.